000 004460000a22001930004500
003 LK-CoMWRAF
005 20231103141908.0
008 230817t ||||| |||| 00| 0 eng d
020 _a0333485416
040 _aLK-CoMWRAF
_dLK-CoMWRAF
_eLK-CoMWRAF
041 _aeng
082 _a823
_bAUS
100 _aAusten, Jane
245 _aEmma
260 _aLondon :
_bMacmillan,
_c1988
300 _a159p
650 _aEnglish Fiction
942 _cBK
999 _c1822
_d1822